00341nam a2200121Ia 4500008004100000020001800041100001600059245004100075260004100116300001500157650003400172650001300206180922s9999 xx 000 0 und d a9780471748991 aRoss,Blake. cBlake Ross.--aFirefox for dummies / aNew Jersey :bWiley Publishingc2006 a361 pages. aBrowsers (Computer programs). aFirefox.